Foundations of Pakistan All Indian Muslim League Documents: 1906 -1947 (Record no. 344241)

000 -LEADER
fixed length control field 00312 a2200109 4500
090 ## - LOCALLY ASSIGNED LC-TYPE CALL NUMBER (OCLC); LOCAL CALL NUMBER (RLIN)
-- 1726
-- 1726
100 ## - MAIN ENTRY--PERSONAL NAME
Personal name Syed Sharifuddin Pirzada
245 ## - TITLE STATEMENT
Title Foundations of Pakistan All Indian Muslim League Documents: 1906 -1947
250 ## - EDITION STATEMENT
Edition statement Vol iii
260 ## - PUBLICATION, DISTRIBUTION, ETC.
Place of publication, distribution, etc. Royal Book Company Karachi
942 ## - ADDED ENTRY ELEMENTS (KOHA)
Institution code [OBSOLETE] NBS
Koha item type Book
Call number prefix 954.FOU
Holdings
Withdrawn status Lost status Damaged status Not for loan Permanent Location Current Location Date acquired Total Checkouts Full call number Barcode Date last seen Price effective from Koha item type
        Central Library (CL) Central Library (CL) 08/28/2013   954.FOU NBS2227-B 08/28/2013 08/28/2013 Book
© 2023 Central Library, National University of Sciences and Technology. All Rights Reserved.